Этика деловых отношений: учебник и практикум для академического бакалавриата

Bibliografiset tiedot
Päätekijä: Родыгина Н. Ю. Наталья Юрьевна
Yhteisötekijä: Российская экономическая академия им. Г. В. Плеханова (РЭА)
Yhteenveto:В учебнике подробно изложены основные вопросы курса «Этика деловых отношений», раскрыты важные теоретические и практические аспекты делового этикета и протокола, проанализирована психология и этика деловых отношении в бизнесе. Обоснованы различия в общении между бизнесменами из разных стран, представлены методы диагностики конфликтных ситуаций в деловых отношениях, рассмотрены основные аспекты управления деловым общением. Автор учебника неоднократно выезжала на научные стажировки во Францию (Лионский университет (Лион 3) им. Жана Мулена и Париж 1 Пантеон-Сорбонна), побеждая в конкурсах и выигрывая гранты Правительства Франции. Соответствует Федеральному государственному образовательному стандарту высшего профессионального образования третьего поколения. Для бакалавров, магистров, специалистов, аспирантов и преподавателей высших учебных заведений.
Kieli:venäjä
Julkaistu: Москва, Юрайт, 2014
Sarja:Бакалавр. Академический курс
Aiheet:
Aineistotyyppi: Kirja
KOHA link:https://koha.lib.tpu.ru/cgi-bin/koha/opac-detail.pl?biblionumber=263678

MARC

LEADER 00000nam0a2200000 4500
001 263678
005 20231101233748.0
010 |a 9785991635622 
035 |a (RuTPU)RU\TPU\book\286666 
090 |a 263678 
100 |a 20140610d2014 m y0rusy50 ca 
101 0 |a rus 
102 |a RU 
105 |a a j 001zy 
200 1 |a Этика деловых отношений  |e учебник и практикум для академического бакалавриата  |f Н. Ю. Родыгина  |g Российская экономическая академия им. Г. В. Плеханова (РЭА) 
210 |a Москва  |c Юрайт  |d 2014 
215 |a 430 с.  |c ил. 
225 1 |a Бакалавр. Академический курс 
320 |a Библиогр.: с. 375-376. 
330 |a В учебнике подробно изложены основные вопросы курса «Этика деловых отношений», раскрыты важные теоретические и практические аспекты делового этикета и протокола, проанализирована психология и этика деловых отношении в бизнесе. Обоснованы различия в общении между бизнесменами из разных стран, представлены методы диагностики конфликтных ситуаций в деловых отношениях, рассмотрены основные аспекты управления деловым общением. Автор учебника неоднократно выезжала на научные стажировки во Францию (Лионский университет (Лион 3) им. Жана Мулена и Париж 1 Пантеон-Сорбонна), побеждая в конкурсах и выигрывая гранты Правительства Франции. Соответствует Федеральному государственному образовательному стандарту высшего профессионального образования третьего поколения. Для бакалавров, магистров, специалистов, аспирантов и преподавателей высших учебных заведений. 
606 1 |a Профессиональная этика  |2 stltpush  |3 (RuTPU)RU\TPU\subj\68298  |9 83726 
610 1 |a деловые отношения 
610 1 |a деловая этика 
610 1 |a деловой этикет 
610 1 |a деловой протокол 
610 1 |a психология 
610 1 |a поведение 
610 1 |a национальные особенности 
610 1 |a конфликтные ситуации 
610 1 |a деловое общение 
610 1 |a управление 
610 1 |a тесты 
610 1 |a практикумы 
610 1 |a учебники 
686 |a Ю75я73  |v LBC/SL-A  |2 rubbk 
700 1 |a Родыгина  |b Н. Ю.  |g Наталья Юрьевна 
712 0 2 |a Российская экономическая академия им. Г. В. Плеханова (РЭА)  |c (Москва)  |c (1991- )  |2 stltpush  |3 (RuTPU)RU\TPU\col\18 
801 1 |a RU  |b 63413507  |c 20140610 
801 2 |a RU  |b 63413507  |c 20140909  |g RCR 
942 |c BK 
959 |a 102/20140609  |d 2  |e 409,00  |f ЧЗГЛ:1  |f АНЛ:1